[Event "RSA-chT U20"]
[Site "Boksburg"]
[Date "2020.01.04"]
[Round "2.6"]
[White "Mabotja, Autane Clement"]
[Black "Arendse, Amy Leigh"]
[Result "1-0"]
[WhiteElo "1098"]
[BlackElo "772"]
[PlyCount "127"]
[EventDate "2020.01.04"]
[EventType "team-tourn"]
[EventRounds "7"]
[EventCountry "RSA"]
[SourceTitle "CBM 194 Extra"]
[Source "ChessBase"]
[SourceDate "2020.03.31"]
[SourceVersion "1"]
[SourceVersionDate "2020.03.31"]
[SourceQuality "1"]
[WhiteTeam "Capricorn U20"]
[BlackTeam "Eden District U20"]
[WhiteTeamCountry "RSA"]
[BlackTeamCountry "RSA"]

1. e4 c6 2. Bc4 e6 3. Nf3 d5 4. exd5 exd5 5. Bb3 Nf6 6. d3 Be7 7. Be3 0-0 8. 0-0 Nbd7 9. c4 Bd6 10. Nbd2 Ng4 11. cxd5 Nxe3 12. fxe3 Bc5 13. d4 Bd6 14. dxc6 bxc6 15. Qc2 c5 16. Ne4 Qc7 17. Nxd6 Qxd6 18. Ng5 Nf6 19. Qxc5 Qxc5 20. dxc5 Ba6 21. Rfe1 Rac8 22. Rac1 Bb7 23. Ba4 h6 24. Nf3 Rfd8 25. c6 Ba8 26. b4 Ne8 27. b5 g5 28. Red1 g4 29. Ne5 Kg7 30. Nxg4 Nf6 31. Nxf6 Kxf6 32. Rxd8 Rxd8 33. Rd1 Rc8 34. Rd6+ Ke7 35. Rd7+ Ke8 36. Rxa7 Kf8 37. Rd7 Ke8 38. Bb3 f6 39. a4 Bxc6 40. bxc6 Rxc6 41. Rd3 Ra6 42. Kf2 Kf8 43. g4 Kg7 44. Kf3 Kg6 45. h4 h5 46. e4 hxg4+ 47. Kxg4 Kh6 48. Rd5 Kg6 49. e5 fxe5 50. Rxe5 Kf6 51. Re6+ Rxe6 52. Bxe6 Kxe6 53. a5 Kd6 54. h5 Kc6 55. h6 Kb5 56. h7 Kxa5 57. h8Q Ka6 58. Qb2 Ka5 59. Kf4 Ka6 60. Ke4 Ka7 61. Qb5 Ka8 62. Kd5 Ka7 63. Kc6 Ka8 64. Qb7# 1-0